Eels Fullbacks Since 2010 - Statistics

General Stats
  • This quiz has been taken 3 times
  • The average score is 7 of 19
Answer Stats
First Last Total APP Answer % Correct
2017 2024 165 Clinton Gutherson
100%
2025 2026 24 Isaiah Iongi
100%
2007 2018 117 Jarryd Hayne
100%
2025 2025 4 Joash Papali'i
100%
2024 2024 3 Blaize Talagi
67%
2021 2021 1 Hayze Perham
33%
2001 2012 85 Luke Bert
33%
2016 2016 22 Michael Gordon
33%
2015 2015 14 Reece Robinson
33%
2023 2023 1 Sean Russell
33%
2010 2010 2 Tom Humble
33%
2017 2018 7 Will Smith
33%
2016 2018 19 Bevan French
0%
2014 2015 3 Chris Sandow
0%
2015 2018 7 Corey Norman
0%
2012 2013 18 Jake Mullaney
0%
2014 2014 1 Justin Hunt
0%
2012 2013 2 Ken Sio
0%
2015 2015 6 William Hopoate
0%
No matching quizzes found
Score Distribution
Percent of People with Each Score
Percentile by Number Answered
Your Score History
You have not taken this quiz